[Event "Titled Tuesday intern op 01st Aug Late"]
[Site "Chess.com INT"]
[Date "2023.08.01"]
[Round "8"]
[White "Nikolova, Adriana"]
[Black "Tqebuchava, Zurab"]
[Result "1-0"]
[WhiteElo "2194"]
[BlackElo "2303"]
[PlyCount "89"]
[EventDate "2023.08.01"]
[EventType "swiss (blitz)"]
[EventRounds "11"]
[EventCountry "USA"]
[SourceTitle "EXT 2024"]
[Source "ChessBase"]
[SourceDate "2023.10.10"]
[SourceVersion "1"]
[SourceVersionDate "2023.10.10"]
[SourceQuality "1"]

1. d4 d6 2. Bf4 Nf6 3. e3 Nbd7 4. Nf3 g6 5. h3 Bg7 6. Be2 0-0 7. Bh2 c6 8. 0-0 a5 9. c4 Re8 10. Nc3 Nb6 11. Re1 Bf5 12. Nd2 d5 13. c5 Nc8 14. a3 h5 15. Be5 Nd7 16. Bxg7 Kxg7 17. f4 Nf6 18. b4 axb4 19. axb4 Rxa1 20. Qxa1 Qd7 21. Nf3 Qe6 22. Ne5 Ne4 23. Nxe4 Bxe4 24. Qa8 f6 25. Nf3 Bxf3 26. Bxf3 Qd7 27. Qa1 e6 28. e4 Ne7 29. f5 exf5 30. e5 Ng8 31. Qa7 fxe5 32. dxe5 Re6 33. Qb8 g5 34. Bxh5 Nh6 35. Bd1 d4 36. Bb3 Re7 37. Qd6 d3 38. Qf6+ Kh7 39. e6 d2 40. Rd1 Qd8 41. Rxd2 Qxd2 42. Qxe7+ Kg6 43. Qe8+ Kg7 44. Qd7+ Kg6 45. Qxd2 1-0

[Event "Titled Tuesday intern op 01st Aug Late"]
[Site "Chess.com INT"]
[Date "2023.08.01"]
[Round "2"]
[White "Nikolova, Adriana"]
[Black "Winkels, Marcel"]
[Result "1-0"]
[WhiteElo "2194"]
[BlackElo "1920"]
[PlyCount "131"]
[EventDate "2023.08.01"]
[EventType "swiss (blitz)"]
[EventRounds "11"]
[EventCountry "USA"]
[SourceTitle "EXT 2024"]
[Source "ChessBase"]
[SourceDate "2023.10.10"]
[SourceVersion "1"]
[SourceVersionDate "2023.10.10"]
[SourceQuality "1"]

1. d4 Nf6 2. Bf4 g6 3. e3 Bg7 4. h3 0-0 5. Nf3 d6 6. Bh2 c5 7. c3 Nc6 8. Be2 Qb6 9. Qb3 Be6 10. Qxb6 axb6 11. 0-0 Rxa2 12. Rxa2 Bxa2 13. Na3 Be6 14. Nb5 cxd4 15. Nfxd4 Nxd4 16. exd4 Ra8 17. Re1 Ra2 18. b4 h6 19. g4 g5 20. Nc7 Bb3 21. Bf3 Bf8 22. Bg3 e6 23. Nb5 d5 24. Bc7 Bc4 25. Nd6 b5 26. Nxb7 Ra7 27. Be5 Nxg4 28. Bxg4 Rxb7 29. Ra1 Bg7 30. Ra8+ Kh7 31. Kg2 Bxe5 32. dxe5 Rd7 33. Bf3 d4 34. Bc6 Rc7 35. Be4+ Kg7 36. cxd4 Rd7 37. Bc6 Rxd4 38. Ra7 Rf4 39. Rb7 Rf5 40. Kg3 Rxe5 41. Be8 Rf5 42. Bd7 Bd5 43. Rb6 Rf3+ 44. Kg2 Rd3+ 45. Kh2 Rd2 46. Kg3 Rd3+ 47. Kh2 h5 48. Be8 Re3 49. fxe3 e5 50. Rd6 Be6 51. Bxb5 g4 52. hxg4 hxg4 53. Kg3 Kf6 54. Rd8 Ke7 55. Rb8 Kd6 56. Ba6 Kc7 57. Rb7+ Kc6 58. b5+ Kc5 59. Rc7+ Kd6 60. Rc6+ Kd5 61. Bc8 e4 62. Bxe6+ fxe6 63. Rc8 Kd6 64. b6 Kd7 65. b7 Kd6 66. b8Q+ 1-0

[Event "Shumen Stojan Ivanov Memorial"]
[Site "Shumen"]
[Date "2023.07.30"]
[Round "10"]
[White "Nikolova, Adriana"]
[Black "Petrov, Martin"]
[Result "1/2-1/2"]
[WhiteElo "2152"]
[BlackElo "2431"]
[PlyCount "122"]
[EventDate "2023.07.28"]
[EventType "swiss (rapid)"]
[EventRounds "11"]
[EventCountry "BUL"]
[SourceTitle "CBM 215 Extra"]
[Source "ChessBase"]
[SourceDate "2023.09.30"]
[SourceVersion "1"]
[SourceVersionDate "2023.09.30"]
[SourceQuality "1"]

1. d4 Nf6 2. Bf4 e6 3. e3 d5 4. Nf3 Bd6 5. Bg3 0-0 6. Bd3 c5 7. c3 b6 8. Nbd2 Bb7 9. Ne5 Nc6 10. 0-0 Rc8 11. f4 Ne7 12. Qb1 g6 13. Bh4 Ne8 14. a4 f6 15. Nef3 Ng7 16. Bf2 Qc7 17. a5 c4 18. Bc2 b5 19. a6 Ba8 20. Bg3 b4 21. Qe1 Rb8 22. e4 bxc3 23. bxc3 dxe4 24. Nxe4 Nef5 25. Nfd2 Nxg3 26. hxg3 Be7 27. Qe2 Rb2 28. Rfc1 Bd5 29. Nf2 Nf5 30. Bxf5 gxf5 31. Nd1 Rb6 32. Ne3 Rc8 33. Re1 Bf8 34. Nxd5 exd5 35. Qf3 Qd7 36. Nf1 Rb3 37. Ra5 Rd8 38. Ne3 Rxc3 39. Rxd5 Qxd5 40. Qxd5+ Rxd5 41. Nxd5 Rd3 42. Ne3 Rxd4 43. Nxf5 Rd7 44. Rc1 Rc7 45. Kf2 c3 46. Ne3 Rc6 47. Nd5 c2 48. Ne3 Bc5 49. Kf3 Re6 50. Nxc2 Rxa6 51. Ne3 Bxe3 52. Kxe3 Ra3+ 53. Ke4 Rxg3 54. Kf5 Rxg2 55. Rc8+ Kg7 56. Rc7+ Kh6 57. Rxa7 Rg7 58. Ra6 Rf7 59. Rxf6+ Kg7 60. Rxf7+ Kxf7 61. Kg5 h6+ 1/2-1/2

[Event "Titled Tuesday intern op 20th Jun Early"]
[Site "Chess.com INT"]
[Date "2023.06.20"]
[Round "1"]
[White "Nikolova, Adriana"]
[Black "Mendonca, Leon Luke"]
[Result "1-0"]
[WhiteElo "2252"]
[BlackElo "2623"]
[PlyCount "101"]
[EventDate "2023.06.20"]
[EventType "swiss (blitz)"]
[EventRounds "11"]
[EventCountry "USA"]
[SourceTitle "EXT 2024"]
[Source "ChessBase"]
[SourceDate "2023.10.10"]
[SourceVersion "1"]
[SourceVersionDate "2023.10.10"]
[SourceQuality "1"]

1. e4 Nf6 2. e5 Ng8 3. d4 d6 4. Nf3 Bg4 5. Be2 e6 6. exd6 Bxd6 7. 0-0 Nf6 8. h3 Bh5 9. c4 0-0 10. Nc3 c6 11. Bg5 Nbd7 12. Qd2 Qa5 13. Rfe1 Rfe8 14. a3 Qc7 15. b4 h6 16. Be3 Rad8 17. Rad1 e5 18. dxe5 Nxe5 19. Nd4 Bg6 20. Qa2 a6 21. Nf3 Nxf3+ 22. Bxf3 Bh2+ 23. Kh1 Bf4 24. Bxf4 Qxf4 25. Rxe8+ Rxe8 26. Ne2 Qe5 27. Ng3 Qc3 28. Ne2 Qe5 29. Ng3 h5 30. Qd2 h4 31. Nf1 Be4 32. Re1 Qf5 33. Nh2 Bd3 34. Rxe8+ Nxe8 35. c5 Nf6 36. Ng4 Nd7 37. Qe3 Kf8 38. Qd4 Nf6 39. Qd8+ Ne8 40. Qxh4 Bc4 41. Qh8+ Ke7 42. Ne3 Qb1+ 43. Kh2 Be6 44. Qh4+ Kf8 45. Bg4 Qb3 46. Bxe6 Qxe6 47. Qh8+ Ke7 48. Qh4+ Nf6 49. Qg3 Qd7 50. Qe5+ Kf8 51. Nf5 1-0

[Event "Titled Tuesday intern op 28th Mar Late"]
[Site "Chess.com INT"]
[Date "2023.03.28"]
[Round "6"]
[White "Hartikainen, Jarmo"]
[Black "Nikolova, Adriana"]
[Result "0-1"]
[WhiteElo "2108"]
[BlackElo "2252"]
[PlyCount "118"]
[EventDate "2023.03.28"]
[EventType "swiss (blitz)"]
[EventRounds "11"]
[EventCountry "USA"]
[SourceTitle "EXT 2024"]
[Source "ChessBase"]
[SourceDate "2023.10.10"]
[SourceVersion "1"]
[SourceVersionDate "2023.10.10"]
[SourceQuality "1"]

1. e4 c6 2. d4 d5 3. Nc3 dxe4 4. Nxe4 Nf6 5. Nxf6+ exf6 6. Bf4 Bd6 7. Qf3 Qe7+ 8. Be3 h5 9. h3 Nd7 10. Bd3 Nb6 11. c4 Bb4+ 12. Kf1 Nd7 13. Ne2 Nf8 14. a3 Bd6 15. Re1 Bg4 16. Qe4 Qxe4 17. Bxe4 Be6 18. d5 cxd5 19. cxd5 Bd7 20. Nc3 b6 21. Bd3 0-0-0 22. Rc1 Kb8 23. Nb5 Be5 24. Nd4 Ng6 25. g3 h4 26. Kg2 hxg3 27. fxg3 Rhe8 28. Rhe1 Rh8 29. h4 Rhe8 30. Ba6 Ne7 31. Nc6+ Bxc6 32. dxc6 Kc7 33. Bb7 Nd5 34. Rc2 Nxe3+ 35. Rxe3 Bd6 36. Rxe8 Rxe8 37. Kf2 Bc5+ 38. Kf3 Re3+ 39. Kg2 Re6 40. Rd2 Bd6 41. Kf3 Re5 42. Rd3 Rf5+ 43. Kg2 Rc5 44. b4 Rc2+ 45. Kh3 Rc1 46. Kg4 Rg1 47. h5 f5+ 48. Kh3 f4 49. gxf4 Rh1+ 50. Kg2 Rxh5 51. Rd4 Rf5 52. Kf3 g5 53. Ke3 Rxf4 54. Rxf4 Bxf4+ 55. Ke4 Bd6 56. Kf5 Bf4 57. a4 Bd2 58. Ba6 Bxb4 59. Bc4 Kxc6 0-1

[Event "BUL-ch (Women)"]
[Site "Sofia"]
[Date "2023.01.24"]
[Round "4"]
[White "Radeva, Viktoria"]
[Black "Nikolova, Adriana"]
[Result "1/2-1/2"]
[WhiteElo "2242"]
[BlackElo "2252"]
[PlyCount "105"]
[EventDate "2023.01.21"]
[EventType "swiss"]
[EventRounds "9"]
[EventCountry "BUL"]
[SourceTitle "CBM 212 Extra"]
[Source "ChessBase"]
[SourceDate "2023.03.31"]
[SourceVersion "1"]
[SourceVersionDate "2023.03.31"]
[SourceQuality "1"]

1. e4 c5 2. Nf3 d6 3. Nc3 Nf6 4. d4 cxd4 5. Qxd4 a6 6. Nd5 Bg4 7. Nxf6+ exf6 8. Be2 Nc6 9. Qe3 Rc8 10. c3 g6 11. h3 Bxf3 12. Qxf3 Bg7 13. 0-0 0-0 14. Rd1 Ne5 15. Qg3 Re8 16. Bf4 Qb6 17. Rab1 Qa5 18. a3 Qa4 19. f3 f5 20. exf5 Qc2 21. Bf1 Qxf5 22. Rbc1 Rc6 23. Re1 h6 24. Rcd1 Rec8 25. Be3 g5 26. f4 gxf4 27. Bxf4 Kh8 28. Qe3 Rg8 29. Kh1 h5 30. Qe4 Qf6 31. Rd5 Qg6 32. Qxg6 fxg6 33. Bg5 Re8 34. g3 Rb6 35. Rd2 Kh7 36. Kg2 Bh6 37. Bxh6 Kxh6 38. Red1 Re6 39. c4 a5 40. Re1 Rf6 41. Be2 Rc6 42. b3 a4 43. bxa4 Nxc4 44. Bxc4 Rxc4 45. Red1 Rc3 46. Rd3 Rc6 47. R1d2 Ra6 48. Rd4 d5 49. Rxd5 Rxa4 50. R5d3 Rfa6 51. Rb2 Rxa3 52. Rxa3 Rxa3 53. Rxb7 1/2-1/2

[Event "BUL-ch (Women)"]
[Site "Sofia"]
[Date "2023.01.23"]
[Round "3"]
[White "Nikolova, Adriana"]
[Black "Krasteva, Beloslava"]
[Result "0-1"]
[WhiteElo "2252"]
[BlackElo "2292"]
[PlyCount "200"]
[EventDate "2023.01.21"]
[EventType "swiss"]
[EventRounds "9"]
[EventCountry "BUL"]
[SourceTitle "CBM 212 Extra"]
[Source "ChessBase"]
[SourceDate "2023.03.31"]
[SourceVersion "1"]
[SourceVersionDate "2023.03.31"]
[SourceQuality "1"]

1. b3 c5 2. Bb2 d6 3. e3 Nc6 4. d4 cxd4 5. exd4 Nf6 6. Nf3 Bf5 7. Bd3 Bxd3 8. Qxd3 e6 9. c4 Be7 10. 0-0 d5 11. Nbd2 0-0 12. Qe2 dxc4 13. bxc4 Qa5 14. Nb3 Qa6 15. Rfc1 Rfd8 16. Ne1 Rac8 17. Nd3 b6 18. a4 Qb7 19. a5 Rc7 20. Bc3 Rdc8 21. axb6 axb6 22. Rcb1 Nb8 23. Nbc5 Qc6 24. Ne5 Qe8 25. Ncd3 Nbd7 26. Bb4 Nxe5 27. Nxe5 Nd7 28. Bxe7 Qxe7 29. Ra4 Qd6 30. Nf3 h6 31. g3 Rc6 32. Rab4 Qc7 33. d5 exd5 34. cxd5 Rd6 35. Rd1 Qc3 36. Re4 Nf6 37. Re3 Qc5 38. Re5 Rcd8 39. Re1 Rxd5 40. Rxd5 Qxd5 41. Ne5 Re8 42. f4 Nd7 43. Qb2 Nxe5 44. Rxe5 Rxe5 45. fxe5 b5 46. Kf2 Qc5+ 47. Kf3 b4 48. Ke4 Qc4+ 49. Ke3 b3 50. Kd2 Qd5+ 51. Ke3 Kf8 52. Qa3+ Ke8 53. Qa4+ Ke7 54. Qh4+ g5 55. Qb4+ Ke6 56. Qb6+ Kxe5 57. Qb8+ Kf6 58. Qh8+ Kg6 59. g4 Qc5+ 60. Kf3 Qc6+ 61. Kg3 Qd6+ 62. Kg2 Qd2+ 63. Kf1 Qf4+ 64. Ke1 Qe3+ 65. Kf1 Qf3+ 66. Ke1 Qh1+ 67. Kd2 Qxh2+ 68. Kc3 Qg3+ 69. Kb2 Qxg4 70. Qg8+ Kf6 71. Qh8+ Ke7 72. Qxh6 Qe6 73. Qh2 g4 74. Qc7+ Kf6 75. Qd8+ Kg6 76. Qg8+ Kf5 77. Ka3 Kf4 78. Qb8+ Kf3 79. Qb7+ Ke3 80. Qa7+ Kd3 81. Qg1 Ke4 82. Qe1+ Kf5 83. Qh4 Kg6 84. Qd8 f5 85. Qd3 Kg5 86. Qd8+ Kf4 87. Qd4+ Kg3 88. Qc3+ Kf2 89. Qc5+ Kg2 90. Qd4 g3 91. Qb2+ Kf3 92. Qc3+ Qe3 93. Qc6+ Kf2 94. Qf6 f4 95. Qb2+ Kf3 96. Qh8 g2 97. Qh5+ Kf2 98. Qh4+ Kf1 99. Qd8 g1Q 100. Qd1+ Kf2 0-1

[Event "Titled Tuesday intern op 06th Sep Late"]
[Site "Chess.com INT"]
[Date "2022.09.06"]
[Round "9"]
[White "De Souza, Cristiano Gomes"]
[Black "Nikolova, Adriana"]
[Result "0-1"]
[WhiteElo "2018"]
[BlackElo "2252"]
[PlyCount "58"]
[EventDate "2022.09.06"]
[EventType "swiss (blitz)"]
[EventRounds "11"]
[EventCountry "USA"]
[SourceTitle "EXT 2023"]
[Source "ChessBase"]
[SourceDate "2022.10.05"]
[SourceVersion "1"]
[SourceVersionDate "2022.10.05"]
[SourceQuality "1"]

1. d4 d5 2. c4 c6 3. Nf3 Nf6 4. Nc3 dxc4 5. a4 Bf5 6. Ne5 Nbd7 7. Nxc4 Qc7 8. f3 e5 9. e4 Bg6 10. dxe5 Nxe5 11. Bf4 Nfd7 12. Ne3 f6 13. Bg3 Bc5 14. Qc1 0-0 15. Be2 Qb6 16. Bf2 Rad8 17. a5 Qc7 18. 0-0 Bf7 19. Rd1 Rfe8 20. Qc2 Nf8 21. Rxd8 Rxd8 22. a6 b6 23. Rd1 Ne6 24. Rxd8+ Qxd8 25. Qd1 Nd4 26. Bf1 Bb3 27. Qe1 Ndxf3+ 28. gxf3 Nxf3+ 29. Kg2 Nxe1+ 0-1

[Event "Titled Tuesday intern op 06th Sep Late"]
[Site "Chess.com INT"]
[Date "2022.09.06"]
[Round "8"]
[White "Kaganskiy, Gleb"]
[Black "Nikolova, Adriana"]
[Result "1-0"]
[WhiteElo "2225"]
[BlackElo "2252"]
[PlyCount "131"]
[EventDate "2022.09.06"]
[EventType "swiss (blitz)"]
[EventRounds "11"]
[EventCountry "USA"]
[SourceTitle "EXT 2023"]
[Source "ChessBase"]
[SourceDate "2022.10.05"]
[SourceVersion "1"]
[SourceVersionDate "2022.10.05"]
[SourceQuality "1"]

1. e4 c5 2. Nf3 Nc6 3. Bb5 d6 4. Bxc6+ bxc6 5. e5 Bg4 6. d3 dxe5 7. h3 Bxf3 8. Qxf3 Qd5 9. Nd2 Qxf3 10. Nxf3 f6 11. Be3 e6 12. g4 Nh6 13. Nd2 f5 14. Bxh6 gxh6 15. Nc4 Bg7 16. gxf5 exf5 17. Nd6+ Kd7 18. Nxf5 Bf6 19. Nxh6 e4 20. dxe4 Bxb2 21. Rd1+ Ke6 22. Nf5 Be5 23. Ke2 Rhg8 24. Rhg1 Rxg1 25. Rxg1 Rb8 26. Rg4 Rb2 27. f4 Bf6 28. Ne3 Bd4 29. f5+ Kf6 30. Rh4 Bxe3 31. Kxe3 Rxc2 32. Rh6+ Kg5 33. Rxh7 Rc3+ 34. Kd2 Ra3 35. h4+ Kf6 36. Rh6+ Ke5 37. Re6+ Kd4 38. f6 Rxa2+ 39. Kd1 Kd3 40. Kc1 Rf2 41. e5 c4 42. Rxc6 c3 43. Rd6+ Ke4 44. e6 Rxf6 45. e7 Rxd6 46. e8Q+ Kd5 47. Qf7+ Kc6 48. Qc4+ Kd7 49. Qa4+ Ke6 50. Qxa7 Ke5 51. Qe3+ Kf5 52. Kc2 Rg6 53. Kxc3 Rg4 54. h5 Rh4 55. h6 Kg6 56. Qg3+ Kh5 57. Qxh4+ Kxh4 58. h7 Kg5 59. h8Q Kg4 60. Qe5 Kf3 61. Kd4 Kg4 62. Qf6 Kh3 63. Qg5 Kh2 64. Ke3 Kh3 65. Kf3 Kh2 66. Qg2# 1-0

[Event "Titled Tuesday intern op 06th Sep Late"]
[Site "Chess.com INT"]
[Date "2022.09.06"]
[Round "10"]
[White "Nikolova, Adriana"]
[Black "Villiers, Thomas"]
[Result "1-0"]
[WhiteElo "2252"]
[BlackElo "2172"]
[PlyCount "289"]
[EventDate "2022.09.06"]
[EventType "swiss (blitz)"]
[EventRounds "11"]
[EventCountry "USA"]
[SourceTitle "EXT 2023"]
[Source "ChessBase"]
[SourceDate "2022.10.05"]
[SourceVersion "1"]
[SourceVersionDate "2022.10.05"]
[SourceQuality "1"]

1. d4 Nf6 2. Bf4 d5 3. e3 e6 4. Nf3 Bd6 5. Ne5 c5 6. c3 Nc6 7. Nd2 Qc7 8. Ndf3 b6 9. Bb5 Bb7 10. Qa4 Rc8 11. dxc5 bxc5 12. Nxc6 Bxc6 13. Bxd6 Qxd6 14. Ne5 Bxb5 15. Qxb5+ Ke7 16. Nf3 Rb8 17. Qe2 Rb6 18. 0-0 Rhb8 19. b3 Ne4 20. Rac1 Ra6 21. Rfd1 Rab6 22. c4 Kf8 23. cxd5 exd5 24. Qc2 c4 25. bxc4 Rb2 26. Qxe4 dxe4 27. Rxd6 exf3 28. gxf3 Rxa2 29. Rd7 Rbb2 30. Rf1 Rc2 31. Rc7 Ra4 32. c5 g6 33. Kg2 Rac4 34. Rxa7 Rxc5 35. f4 Kg7 36. Kf3 Rb2 37. Rd7 Rcc2 38. h3 Kf6 39. Rd5 Kg7 40. Re5 Kf6 41. Rg5 h6 42. Rg2 h5 43. h4 Rc4 44. Rd1 Rcc2 45. Ra1 Ke6 46. Ra6+ Ke7 47. Ra5 Ke6 48. Re5+ Kf6 49. Re8 Kg7 50. Re7 Kf6 51. Ra7 Rc6 52. Ra5 Rcb6 53. Ra4 Rd6 54. Re4 Rdd2 55. Re5 Rdc2 56. Reg5 Ke7 57. f5 gxf5 58. Rxf5 Rc4 59. Re5+ Kd6 60. Rxh5 Rbb4 61. Rh2 Ke6 62. Rh6+ f6 63. Rh8 Kf7 64. h5 Rh4 65. Rxh4 Rxh4 66. Kg3 Rh1 67. Kg2 Rh4 68. Rh7+ Kg8 69. Rh6 Kg7 70. Rg6+ Kf7 71. Rg3 Rxh5 72. Kf3 Ra5 73. Kf4 Ke6 74. f3 Ra3 75. e4 Ra8 76. Rg6 Kf7 77. Rh6 Ra5 78. Rh7+ Ke6 79. Rb7 Ra1 80. Rb6+ Kf7 81. Kf5 Ra5+ 82. Kg4 Kg6 83. f4 Kf7 84. f5 Ra1 85. Rb7+ Kf8 86. Kf4 Re1 87. Kf3 Ke8 88. Rb6 Kf7 89. Re6 Ra1 90. Ke3 Ra3+ 91. Kf4 Ra1 92. Rb6 Rf1+ 93. Ke3 Re1+ 94. Kd4 Rd1+ 95. Kc4 Re1 96. Re6 Rd1 97. Kc5 Rd2 98. Kc6 Rd1 99. Rd6 Re1 100. Rd4 Kg7 101. Kd6 Kh6 102. Ke6 Kg5 103. Ra4 Re2 104. Rb4 Re1 105. Kf7 Re2 106. Kg7 Rc2 107. Rb6 Rc7+ 108. Kf8 Ra7 109. Re6 Rb7 110. Re7 Rb6 111. Kf7 Ra6 112. Kg7 Rb6 113. Kg8 Rb8+ 114. Kf7 Rb6 115. Ke8 Rb8+ 116. Kd7 Ra8 117. Re6 Ra7+ 118. Kd6 Ra6+ 119. Kd5 Ra5+ 120. Kc4 Ra4+ 121. Kc5 Ra1 122. Kd6 Rd1+ 123. Ke7 Rd4 124. Kf7 Rd7+ 125. Re7 Rd6 126. Kg7 Ra6 127. Kg8 Ra8+ 128. Kh7 Ra6 129. Rg7+ Kf4 130. Re7 Ra4 131. Kg6 Ra6 132. Re6 Ra4 133. Kxf6 Ra8 134. Kg6 Rf8 135. Kg7 Rd8 136. f6 Rd4 137. f7 Rd7 138. Kg8 Kg5 139. f8Q Rd4 140. Qf6+ Kh5 141. Qxd4 Kg4 142. Rf6 Kh5 143. e5 Kg5 144. Qf4+ Kh5 145. Rh6# 1-0

[Event "Motiva Online Blitz (Women)"]
[Site "Chess.com INT"]
[Date "2021.12.18"]
[Round "1"]
[White "Engin, Cagla"]
[Black "Nikolova, Adriana"]
[Result "0-1"]
[WhiteElo "1421"]
[BlackElo "2226"]
[PlyCount "104"]
[EventDate "2021.12.18"]
[EventType "swiss (blitz)"]
[EventRounds "13"]
[EventCountry "USA"]
[SourceTitle "CBM 205 Extra"]
[Source "ChessBase"]
[SourceDate "2022.01.31"]
[SourceVersion "1"]
[SourceVersionDate "2022.01.31"]
[SourceQuality "1"]

1. e4 c5 2. Nc3 Nc6 3. g3 g6 4. Bg2 Bg7 5. d3 d6 6. Be3 Rb8 7. Nge2 b5 8. Qd2 b4 9. Nd1 e6 10. h4 h5 11. Bg5 Nge7 12. 0-0 Nd4 13. c3 Nxe2+ 14. Qxe2 bxc3 15. Nxc3 Qc7 16. Rac1 Ba6 17. Qd2 Nc6 18. b3 Nd4 19. Ne2 Nxe2+ 20. Qxe2 0-0 21. Qd2 Kh7 22. Rfd1 Qb6 23. Be3 e5 24. f4 Qb5 25. Bf1 Qd7 26. fxe5 Bxe5 27. Bf4 Bd4+ 28. Be3 Qg4 29. Kh2 Be5 30. Bf4 Bxf4 31. Qxf4 Qxf4 32. gxf4 f5 33. e5 dxe5 34. fxe5 Rfd8 35. Rxc5 Rb4 36. Rdc1 Rxh4+ 37. Kg3 Rg4+ 38. Kf3 Bxd3 39. Rc7+ Kh6 40. e6 Be4+ 41. Ke2 Bd5 42. e7 Re4+ 43. Kf2 Re8 44. Re1 Rf4+ 45. Kg1 Rg4+ 46. Kh2 Rh4+ 47. Kg1 Rg4+ 48. Kh2 Bf7 49. Bh3 Rd4 50. Bg2 Rd2 51. Kg1 f4 52. Bc6 f3 0-1

[Event "Motiva Online Blitz (Women)"]
[Site "Chess.com INT"]
[Date "2021.12.18"]
[Round "6"]
[White "Hrebenshchykova, Yelyzaveta"]
[Black "Nikolova, Adriana"]
[Result "0-1"]
[WhiteElo "2074"]
[BlackElo "2226"]
[PlyCount "86"]
[EventDate "2021.12.18"]
[EventType "swiss (blitz)"]
[EventRounds "13"]
[EventCountry "USA"]
[SourceTitle "CBM 205 Extra"]
[Source "ChessBase"]
[SourceDate "2022.01.31"]
[SourceVersion "1"]
[SourceVersionDate "2022.01.31"]
[SourceQuality "1"]

1. e4 c5 2. Nf3 Nc6 3. d4 cxd4 4. Nxd4 Nf6 5. Nc3 d6 6. Bc4 e6 7. Be3 Be7 8. Qe2 0-0 9. 0-0-0 Na5 10. Bb3 Nxb3+ 11. cxb3 Bd7 12. Kb1 a6 13. g4 Qa5 14. g5 Ne8 15. Qd2 Bd8 16. h4 b5 17. h5 b4 18. Nce2 Qe5 19. f3 a5 20. Bf4 Qc5 21. Rc1 Qb6 22. Be3 Qb7 23. Rhg1 a4 24. bxa4 Bxa4 25. g6 fxg6 26. hxg6 h6 27. Nxe6 Rxf3 28. Nxd8 Qxe4+ 29. Ka1 Bb3 30. a3 bxa3 31. Nc3 Qxe3 32. Qxe3 Rxe3 33. Nc6 Be6 34. Nd4 axb2+ 35. Kxb2 Rb8+ 36. Kc2 Bc4 37. Rce1 Rh3 38. Rg2 Nf6 39. Nc6 Bd3+ 40. Kd2 Rb2+ 41. Kc1 Rxg2 42. Ne7+ Kf8 43. Nc6 Rxg6 0-1

[Event "Motiva Online Blitz (Women)"]
[Site "Chess.com INT"]
[Date "2021.12.18"]
[Round "12"]
[White "Kiseleva, Arina"]
[Black "Nikolova, Adriana"]
[Result "1-0"]
[WhiteElo "1962"]
[BlackElo "2226"]
[PlyCount "135"]
[EventDate "2021.12.18"]
[EventType "swiss (blitz)"]
[EventRounds "13"]
[EventCountry "USA"]
[SourceTitle "CBM 205 Extra"]
[Source "ChessBase"]
[SourceDate "2022.01.31"]
[SourceVersion "1"]
[SourceVersionDate "2022.01.31"]
[SourceQuality "1"]

1. d4 Nf6 2. Nf3 e6 3. e3 c5 4. Bd3 Be7 5. 0-0 0-0 6. b3 b6 7. Bb2 Bb7 8. Nbd2 d6 9. c4 Nbd7 10. Rc1 Qc7 11. Bb1 Rac8 12. a3 Rfd8 13. Qc2 Nf8 14. Rfd1 cxd4 15. Nxd4 a6 16. Nf1 Qc5 17. Ng3 Qg5 18. Nf3 Bxf3 19. gxf3 d5 20. Qe2 dxc4 21. Rxd8 Rxd8 22. bxc4 Qa5 23. Rd1 Rxd1+ 24. Qxd1 Bxa3 25. Bxf6 gxf6 26. Kg2 Qb4 27. Qd3 Bb2 28. Qe4 f5 29. Qd3 a5 30. e4 fxe4 31. Nxe4 Qe7 32. f4 f5 33. Ng5 Bf6 34. h4 Ng6 35. Kg3 Nxh4 36. Kxh4 h6 37. Qe3 hxg5+ 38. fxg5 Qh7+ 39. Kg3 Qg6 40. Qxe6+ Kg7 41. Qd7+ Kh8 42. Qc8+ Kh7 43. Bxf5 Bxg5 44. Bxg6+ Kxg6 45. Qc6+ Bf6 46. Qxb6 a4 47. Qa6 a3 48. Qxa3 Be7 49. Qa6+ Kf5 50. Qb6 Bf6 51. c5 Be5+ 52. Kf3 Bf4 53. c6 Be5 54. Qc5 Ke6 55. c7 Bxc7 56. Qxc7 Kf5 57. Qd7+ Ke5 58. Qe7+ Kd5 59. Qe4+ Kd6 60. Kg3 Kc5 61. f4 Kb6 62. f5 Kc5 63. f6 Kb6 64. f7 Kc5 65. f8Q+ Kb6 66. Qc8 Ka5 67. Qeb7 Ka4 68. Qca8# 1-0

[Event "Motiva Online Blitz (Women)"]
[Site "Chess.com INT"]
[Date "2021.12.18"]
[Round "8"]
[White "Nikolova, Adriana"]
[Black "Poliakova, Varvara"]
[Result "1/2-1/2"]
[WhiteElo "2226"]
[BlackElo "2116"]
[PlyCount "169"]
[EventDate "2021.12.18"]
[EventType "swiss (blitz)"]
[EventRounds "13"]
[EventCountry "USA"]
[SourceTitle "CBM 205 Extra"]
[Source "ChessBase"]
[SourceDate "2022.01.31"]
[SourceVersion "1"]
[SourceVersionDate "2022.01.31"]
[SourceQuality "1"]

1. d4 f5 2. Bf4 d6 3. e3 Nf6 4. h3 g6 5. Nf3 Bg7 6. Bh2 Nc6 7. Bc4 e6 8. d5 exd5 9. Bb3 0-0 10. 0-0 Na5 11. Bxd5+ Kh8 12. Nc3 Nxd5 13. Qxd5 Nc6 14. Bf4 Qe7 15. Bg5 Qf7 16. Qxf7 Rxf7 17. Rad1 Be6 18. Nd4 Nxd4 19. exd4 h6 20. Bc1 Bc4 21. Rfe1 a5 22. b3 Ba6 23. a4 Kg8 24. Bb2 Bf6 25. Nd5 Bg5 26. f4 Bh4 27. Re6 Kh7 28. c4 b6 29. Nc3 Bb7 30. d5 Bf6 31. Rde1 Raf8 32. Kh2 Bc8 33. R6e2 Bd7 34. Nd1 Bxb2 35. Nxb2 Kg7 36. Nd3 Kf6 37. Re3 g5 38. R1e2 Rg8 39. g3 Rgg7 40. Ne1 Rg8 41. Nf3 g4 42. hxg4 Rxg4 43. Nd4 h5 44. Kh3 h4 45. gxh4 Rh7 46. Re6+ Bxe6 47. Rxe6+ Kf7 48. Nxf5 Rxf4 49. Re7+ Kg8 50. Rxh7 Kxh7 51. Ne7 Rd4 52. Nc6 Rd3+ 53. Kg4 Rxb3 54. Nd4 Rc3 55. Ne6 Rxc4+ 56. Kg5 Rxa4 57. h5 Ra1 58. Nf8+ Kg7 59. Ne6+ Kh8 60. h6 Rg1+ 61. Kf6 Kh7 62. Nxc7 a4 63. Nb5 a3 64. Nxa3 Kxh6 65. Nc4 b5 66. Nxd6 Rg6+ 67. Ke5 b4 68. Nf5+ Kg5 69. Nd4 Rg8 70. d6 Re8+ 71. Kd5 Kf6 72. d7 Rd8 73. Kd6 Rxd7+ 74. Kxd7 Ke5 75. Nb3 Kd5 76. Kc7 Kc4 77. Na5+ Kb5 78. Nb3 Kc4 79. Na5+ Kb5 80. Nb3 Ka4 81. Nd4 Ka3 82. Kc6 Kb2 83. Kb5 Kc3 84. Kc5 b3 85. Nxb3 1/2-1/2

[Event "Motiva Online Blitz (Women)"]
[Site "Chess.com INT"]
[Date "2021.12.18"]
[Round "13"]
[White "Nikolova, Adriana"]
[Black "Sahin, Handenur"]
[Result "1-0"]
[WhiteElo "2226"]
[BlackElo "1997"]
[PlyCount "61"]
[EventDate "2021.12.18"]
[EventType "swiss (blitz)"]
[EventRounds "13"]
[EventCountry "USA"]
[SourceTitle "CBM 205 Extra"]
[Source "ChessBase"]
[SourceDate "2022.01.31"]
[SourceVersion "1"]
[SourceVersionDate "2022.01.31"]
[SourceQuality "1"]

1. d4 d5 2. Nf3 Nf6 3. Bf4 e6 4. e3 Bd6 5. Ne5 Nbd7 6. Bd3 Qe7 7. Nd2 0-0 8. Qf3 c5 9. c3 Re8 10. Qh3 Nf8 11. g4 cxd4 12. exd4 Bxe5 13. dxe5 N6d7 14. 0-0-0 Nc5 15. Bc2 b5 16. Kb1 a5 17. Be3 Na4 18. f4 Bd7 19. Bd4 b4 20. c4 Nc5 21. cxd5 exd5 22. f5 a4 23. b3 axb3 24. Nxb3 Nxb3 25. Bxb3 g6 26. f6 Qd8 27. Qh6 Ne6 28. Bxd5 Bc6 29. Bxe6 Be4+ 30. Ka1 Rxa2+ 31. Bxa2 1-0

[Event "Motiva Online Blitz (Women)"]
[Site "Chess.com INT"]
[Date "2021.12.18"]
[Round "5"]
[White "Nikolova, Adriana"]
[Black "Yurasova, Daria"]
[Result "0-1"]
[WhiteElo "2226"]
[BlackElo "2107"]
[PlyCount "106"]
[EventDate "2021.12.18"]
[EventType "swiss (blitz)"]
[EventRounds "13"]
[EventCountry "USA"]
[SourceTitle "CBM 205 Extra"]
[Source "ChessBase"]
[SourceDate "2022.01.31"]
[SourceVersion "1"]
[SourceVersionDate "2022.01.31"]
[SourceQuality "1"]

1. e4 e5 2. Nf3 Nc6 3. Bb5 a6 4. Ba4 Nf6 5. 0-0 b5 6. Bb3 Bc5 7. Re1 d6 8. c3 Bb6 9. d4 h6 10. a4 Bb7 11. Bc2 0-0 12. Be3 Re8 13. d5 Ne7 14. Bxb6 cxb6 15. axb5 axb5 16. Rxa8 Qxa8 17. Bd3 b4 18. cxb4 Ng6 19. g3 Qa2 20. Re2 Bc8 21. Nc3 Qa8 22. Bb5 Rd8 23. Bc6 Qb8 24. Nb5 Bg4 25. Re3 Ne7 26. Qc2 Rc8 27. Rc3 Bh5 28. Nd2 Be2 29. Na3 Bh5 30. Bb5 Rxc3 31. bxc3 Qa7 32. Qa4 Qc7 33. Nac4 Be2 34. Qa8+ Kh7 35. Qa6 Nc8 36. Kg2 Na7 37. f3 g5 38. Kf2 Bd3 39. Ke3 Bc2 40. Nf1 g4 41. fxg4 Nxg4+ 42. Kd2 Bb3 43. Nfe3 Nf6 44. Kd3 Nxb5 45. Qxb5 Qa7 46. Nd2 Qa2 47. Nxb3 Qxb3 48. Qxb6 Qb1+ 49. Nc2 Qd1+ 50. Kc4 Qxc2 51. Qxd6 Qxe4+ 52. Kc5 Qe3+ 53. Kb5 Ne4 0-1